<?xml version="1.0" encoding="UTF-8"?><?xml-stylesheet type="text/xsl" href="static/style.xsl"?><OAI-PMH xmlns="http://www.openarchives.org/OAI/2.0/" xmlns:xsi="http://www.w3.org/2001/XMLSchema-instance" xsi:schemaLocation="http://www.openarchives.org/OAI/2.0/ http://www.openarchives.org/OAI/2.0/OAI-PMH.xsd"><responseDate>2026-06-03T04:50:18Z</responseDate><request verb="GetRecord" identifier="oai:riuma.uma.es:10630/6550" metadataPrefix="marc">https://riuma.uma.es/rest/oai/request</request><GetRecord><record><header><identifier>oai:riuma.uma.es:10630/6550</identifier><datestamp>2026-02-03T12:52:48Z</datestamp><setSpec>com_10630_5701</setSpec><setSpec>com_10630_3139</setSpec><setSpec>com_10630_10</setSpec><setSpec>col_10630_6477</setSpec></header><metadata><record xmlns="http://www.loc.gov/MARC21/slim" xmlns:dcterms="http://purl.org/dc/terms/" xmlns:doc="http://www.lyncode.com/xoai" xmlns:xsi="http://www.w3.org/2001/XMLSchema-instance" xsi:schemaLocation="http://www.loc.gov/MARC21/slim http://www.loc.gov/standards/marcxml/schema/MARC21slim.xsd">
   <leader>00925njm 22002777a 4500</leader>
   <datafield ind2=" " ind1=" " tag="042">
      <subfield code="a">dc</subfield>
   </datafield>
   <datafield ind2=" " ind1=" " tag="720">
      <subfield code="a">López Beltrán, María Teresa</subfield>
      <subfield code="e">author</subfield>
   </datafield>
   <datafield ind2=" " ind1=" " tag="260">
      <subfield code="c">2009</subfield>
   </datafield>
   <datafield ind2=" " ind1=" " tag="520">
      <subfield code="a">El apellido Santisteban se introdujo en la sociedad repobladora de Málaga a partir de&#xd;
dos familias que portaban el mismo apellido y que tempranamente formaron parte de la élite&#xd;
malagueña en calidad de regidores: una, la encabezada por mosén Pedro de Santisteban, capitán&#xd;
real y alcaide de la villa de Almogía; la otra, encabezada por Diego de Santisteban, escudero&#xd;
de las guardas y criado de los reyes. Aunque apenas se trasluce en la documentación la relación&#xd;
de consanguinidad que existía entre uno y otro, lo cierto es que Diego de Santisteban era hijo&#xd;
del alcaide de Almogía. El hecho de que el parentesco existente entre ambos se mantuviera&#xd;
prácticamente oculto, lo que impide considerarlos como integrantes de un mismo linaje,&#xd;
justifica que abordemos el estudio de una y otra familia de modo independiente pero también&#xd;
relacionándolas, sin olvidar que entroncaron con linajes judíos.</subfield>
   </datafield>
   <datafield ind2=" " ind1=" " tag="520">
      <subfield code="a">The “Santisteban” last name appeared in the society of Malaga after the Christian Conquest&#xd;
in two different families. The two leading members of both families raised an early position like&#xd;
members of the Christian Urban Oligarchy like city councillors (regidores). Moreover Mosén&#xd;
Pedro deSantisteban was Royal Captain and Warden of Almogía and Diego de Santisteban,&#xd;
Squire of the Royal Guards (escudero de las guardas) and Kings´ Household servant.We have&#xd;
no definitive of their consanguineous relationship in the contemporary sources, however more&#xd;
probably it is this that existed. In fact, I believe that Diego de Santisteban was the son of the Royal&#xd;
Warden of Almogía. Even if I undertake the study of one and another family in independents&#xd;
ways, the aim of this paper is to link both families like members of a same lineage and also to&#xd;
point out the their relationship with other lineages of Converted Jews (judeoconversos).</subfield>
   </datafield>
   <datafield ind1="8" ind2=" " tag="024">
      <subfield code="a">LÓPEZ BELTRÁN, MARÍA TERESA "El universo familiar de los Santisteban, regidores de Málaga en época de los Reyes Católicos : una contribución desde la prosopografía" Baetica, 31, 2009, 255-274</subfield>
   </datafield>
   <datafield ind1="8" ind2=" " tag="024">
      <subfield code="a">0212-5099</subfield>
   </datafield>
   <datafield ind1="8" ind2=" " tag="024">
      <subfield code="a">http://hdl.handle.net/10630/6550</subfield>
   </datafield>
   <datafield tag="653" ind2=" " ind1=" ">
      <subfield code="a">Santisteban (Familia) - Historia - Málaga</subfield>
   </datafield>
   <datafield ind2="0" ind1="0" tag="245">
      <subfield code="a">El universo familiar de los Santisteban, regidores de Málaga en época de los Reyes Católicos : una contribución desde la prosopografía</subfield>
   </datafield>
</record>
</metadata></record></GetRecord></OAI-PMH>